Statistics for Common Gymnast Names!

Click here to take the quiz!

General Stats

  • This quiz has been taken 260 times
    (63 since last reset)
  • The average score is 15 of 30

Answer Stats

First NameLast Names...% Correct
AnastasiaLiukin or Grishina
93%
JadeCarey or Barbosa
69%
RebeccaDownie or Andrade
69%
VanessaAtler or Ferrari
69%
AnnaPavlova or Li
67%
DominiqueDawes or Moceanu
67%
AlexandraEremia or Raisman
66%
OlgaBicherova or Korbut
64%
SvetlanaKhorkina or Boguinskaya
61%
KimZmeskal or Bui
59%
SamanthaShapiro or Peszek
59%
LarisaLatynina or Iordache
57%
ViktoriaKarpenko or Komova
54%
AnaPorgras or Padurariu
51%
OksanaChusovitina or Omelianchik
51%
SimonaCastro or Amanar
51%
AngelinaMelnikova or Radivilova
48%
CourtneyKupets or McCool
44%
TatianaLysenko or Nabieva
44%
DanielaSilivas or Druncea
43%
ElenaProdunova or Zamolodchikova
41%
LiliaAkhaimova or Podkopayeva
39%
NataliaZiganchina or Yurchenko
38%
DariaSpiridonova or Bijak
36%
KseniaSemenova or Afanasyeva
34%
DianaChelaru or Bulimar
33%
EkaterinaSzabo or Lobaznyuk
31%
MariaOlaru or Gorokhovskaya
31%
LudmillaTourischeva or Ezhova
25%
MarciaVideaux or Frederick
21%

Score Distribution

Percentile by Number Answered

Percent of People with Each Score

Your Score History

You have not taken this quiz since the last reset